<?xml version="1.0" encoding="UTF-8"?><?xml-stylesheet type="text/xsl" href="static/style.xsl"?><OAI-PMH xmlns="http://www.openarchives.org/OAI/2.0/" xmlns:xsi="http://www.w3.org/2001/XMLSchema-instance" xsi:schemaLocation="http://www.openarchives.org/OAI/2.0/ http://www.openarchives.org/OAI/2.0/OAI-PMH.xsd"><responseDate>2026-06-07T11:31:18Z</responseDate><request verb="GetRecord" identifier="oai:docta.ucm.es:20.500.14352/94889" metadataPrefix="marc">https://docta.ucm.es/rest/oai/request</request><GetRecord><record><header><identifier>oai:docta.ucm.es:20.500.14352/94889</identifier><datestamp>2025-03-18T12:58:25Z</datestamp><setSpec>com_20.500.14352_14</setSpec><setSpec>col_20.500.14352_15</setSpec></header><metadata><record xmlns="http://www.loc.gov/MARC21/slim" xmlns:dcterms="http://purl.org/dc/terms/" xmlns:xsi="http://www.w3.org/2001/XMLSchema-instance" xmlns:doc="http://www.lyncode.com/xoai" xsi:schemaLocation="http://www.loc.gov/MARC21/slim http://www.loc.gov/standards/marcxml/schema/MARC21slim.xsd">
   <leader>00925njm 22002777a 4500</leader>
   <datafield ind2=" " ind1=" " tag="042">
      <subfield code="a">dc</subfield>
   </datafield>
   <datafield ind2=" " ind1=" " tag="720">
      <subfield code="a">Lebrusán Murillo, Irene</subfield>
      <subfield code="e">author</subfield>
   </datafield>
   <datafield ind2=" " ind1=" " tag="720">
      <subfield code="a">Larrañaga Martínez, Kepa Paul</subfield>
      <subfield code="e">author</subfield>
   </datafield>
   <datafield ind2=" " ind1=" " tag="720">
      <subfield code="a">Mongui Monsalve, Mónica María</subfield>
      <subfield code="e">author</subfield>
   </datafield>
   <datafield ind2=" " ind1=" " tag="260">
      <subfield code="c">2022</subfield>
   </datafield>
   <datafield ind2=" " ind1=" " tag="520">
      <subfield code="a">En el marco de la ausencia de un estatus formal de ciudadanía para niños, niñas y adolescentes, el desarrollo de la ciudadanía digital podría ser una oportunidad para promover su participación y su protagonismo, al facilitarles nuevos espacios y medios para expresar y compartir sus opiniones, superando los marcos referenciales del ámbito familiar y escolar. El objetivo de este artículo es analizar los límites establecidos para el logro de la ciudadanía digital activa en la infancia y la adolescencia en el entorno escolar. Para este fin se ha analizado el marco normativo y se han recogido 59 testimonios de niños, niñas y adolescentes, padres y madres, expertos y personal docente. El análisis de contenido etnográfico revela que el acceso a los medios digitales queda limitado por la tutela y asimetría de poder con el adulto, además de por la ausencia de reconocimiento de derechos políticos y civiles en la infancia y adolescencia. Esto estaría obstaculizando el avance en el desarrollo de la ciudadanía digital en la infancia y la adolescencia en el marco de la sociedad de la información.</subfield>
   </datafield>
   <datafield ind1="8" ind2=" " tag="024">
      <subfield code="a">Lebrusán I., Larrañaga K. P. y Monguí Monsalve M. (2022). La digitalización como oportunidad para el desarrollo de la ciudadanía en la infancia y la adolescencia. Política y Sociedad, 59(3), e81906. https://doi.org/10.5209/poso.81906</subfield>
   </datafield>
   <datafield ind1="8" ind2=" " tag="024">
      <subfield code="a">10.5209/poso.81906</subfield>
   </datafield>
   <datafield ind1="8" ind2=" " tag="024">
      <subfield code="a">https://hdl.handle.net/20.500.14352/94889</subfield>
   </datafield>
   <datafield ind1="8" ind2=" " tag="024">
      <subfield code="a">1988-3129</subfield>
   </datafield>
   <datafield ind1="8" ind2=" " tag="024">
      <subfield code="a">https://doi.org/10.5209/poso.81906</subfield>
   </datafield>
   <datafield ind1="8" ind2=" " tag="024">
      <subfield code="a">https://revistas.ucm.es/index.php/POSO/issue/view/4021</subfield>
   </datafield>
   <datafield ind1="8" ind2=" " tag="024">
      <subfield code="a">https://revistas.ucm.es/index.php/POSO/article/view/81906</subfield>
   </datafield>
   <datafield ind2="0" ind1="0" tag="245">
      <subfield code="a">La digitalización como oportunidad para el desarrollo de la ciudadanía en la infancia y la adolescencia</subfield>
   </datafield>
</record></metadata></record></GetRecord></OAI-PMH>